000
00264nam a2200097Ia 4500
001
1250458
005
20251031150856.0
008
251031s9999 xx 000 0 und d
245
0
_c
ARTHUR CONAN DOYLE
_a
G-3 SHERLOCK HOLMES KIZIL DOSYA
260
_b
PORTAKAL YAYINLARI
999
_c
1250458
_d
1250458